| 000 | 00827cam a2200253 4500 | ||
|---|---|---|---|
| 008 | 090401t1996 xxu||||| |||| 00| 0 eng d | ||
| 020 | _a0471107166 | ||
| 035 | _a(Sirsi) u50473 | ||
| 041 | _aeng | ||
| 050 | _a692.80973 | ||
| 100 | _aStephenson, Ralph J. | ||
| 245 | _aProject partnering for the design and construction industry. | ||
| 260 |
_aNew York _bJohn Wiley & Sons Inc. _c1996 |
||
| 300 | _aix,441p. ; 24cm. | ||
| 350 | _a45 | ||
| 520 | _aAn American book, which draws on the author`s personal experiences and case studies to provide a practical guide to making partnering work and avoiding conflict. | ||
| 650 | _aBUILDING PROJECTS | ||
| 650 | _aCONSTRUCTION INDUSTRY | ||
| 650 | _aPROJECT PARTNERING | ||
| 650 | _aUNITED STATES | ||
| 690 | _aBUILT ENVIRONMENT | ||
| 942 | _n0 | ||
| 948 | _c04/03/1997 | ||
| 999 |
_c92713 _d92713 |
||